The noble scholar, jurist, historian


 His Excellency Dr. Abdul Wahhab bin Ibrahim Abu Sulaiman, may Allah have mercy on him.


 He was born in Umm Al-Qura in the year 1356 AH.

محرك سواكن الغرام إلى حج بيت الله الحرام وزيارة قبر النبي عليه الصلاة والسلام / (Record no. 10555)

MARC details
000 -LEADER
fixed length control field 01976cam a22003731i 4500
003 - CONTROL NUMBER IDENTIFIER
control field SA-RiAUC
005 - DATE AND TIME OF LATEST TRANSACTION
control field 20250805063451.0
008 - FIXED-LENGTH DATA ELEMENTS--GENERAL INFORMATION
fixed length control field 250802s2006 ua g b 00110 ara c
020 ## - INTERNATIONAL STANDARD BOOK NUMBER
International Standard Book Number 977604834X
020 ## - INTERNATIONAL STANDARD BOOK NUMBER
International Standard Book Number 9960494136
040 ## - CATALOGING SOURCE
Original cataloging agency SA-JeKAU
Language of cataloging ara
Transcribing agency SA-RiAUC
Description conventions rda
050 #4 - LIBRARY OF CONGRESS CALL NUMBER
Item number .M37 2006
082 04 - DEWEY DECIMAL CLASSIFICATION NUMBER
Classification number 252.5
Assigning agency SA-RiAUC
090 ## - LOCALLY ASSIGNED LC-TYPE CALL NUMBER (OCLC); LOCAL CALL NUMBER (RLIN)
Classification number (OCLC) (R) ; Classification number, CALL (RLIN) (NR) 252.5
Local cutter number (OCLC) ; Book number/undivided call number, CALL (RLIN) م ر ع
100 1# - MAIN ENTRY--PERSONAL NAME
Personal name مرعي الكرمي، مرعي بن يوسف بن أبي بكر،
Dates associated with a name توفي 1033 هجري
Relator term مؤلف.
245 10 - TITLE STATEMENT
Title محرك سواكن الغرام إلى حج بيت الله الحرام وزيارة قبر النبي عليه الصلاة والسلام /
Statement of responsibility, etc. تأليف مرعي بن يوسف بن أبي بكر المقدسي الحنبلي ؛ دراسة وتحقيق محمد بن عبد الله باجودة، عبد الرحمن بن محمد الحذيفي.
250 ## - EDITION STATEMENT
Edition statement الطبعة الأولى.
264 #1 - PRODUCTION, PUBLICATION, DISTRIBUTION, MANUFACTURE, AND COPYRIGHT NOTICE
Place of production, publication, distribution, manufacture القاهرة :
Name of producer, publisher, distributor, manufacturer دار القاهرة،
Date of production, publication, distribution, manufacture, or copyright notice 2006
300 ## - PHYSICAL DESCRIPTION
Extent 373 صفحة ؛
Dimensions 24 سم
336 ## - CONTENT TYPE
Content type term نص
Content type code txt
Source rdacontent
Materials specified كتاب
337 ## - MEDIA TYPE
Media type term بدون وسيط
Media type code n
Source rdamedia
338 ## - CARRIER TYPE
Carrier type term مجلد
Carrier type code nc
Source rdacarrier
500 ## - GENERAL NOTE
General note يشتمل على كشاف الآيات القرآنية.
504 ## - BIBLIOGRAPHY, ETC. NOTE
Bibliography, etc. note ببليوجرافية : صفحة 343-370.
610 27 - SUBJECT ADDED ENTRY--CORPORATE NAME
Corporate name or jurisdiction name as entry element المسجد النبوي الشريف
Source of heading or term aucnm
650 #7 - SUBJECT ADDED ENTRY--TOPICAL TERM
Topical term or geographic name entry element الحج
Source of heading or term aucsh
650 #7 - SUBJECT ADDED ENTRY--TOPICAL TERM
Topical term or geographic name entry element العمرة
Source of heading or term aucsh
650 #7 - SUBJECT ADDED ENTRY--TOPICAL TERM
Topical term or geographic name entry element الحج (فقه إسلامي)
Source of heading or term aucsh
700 12 - ADDED ENTRY--PERSONAL NAME
Relationship information تحقيق لـ (عمل) :
Personal name مرعي الكرمي، مرعي بن يوسف بن أبي بكر،
Dates associated with a name توفي 1033 هجري.
Title of a work محرك سواكن الغرام إلى حج بيت الله الحرام وزيارة قبر النبي عليه الصلاة والسلام
700 1# - ADDED ENTRY--PERSONAL NAME
Personal name الحذيفي، عبد الرحمن بن محمد
Relator term محقق.
700 1# - ADDED ENTRY--PERSONAL NAME
Personal name باجودة، محمد عبد الله علي،
Dates associated with a name 1379 هجري-
Relator term محقق.
942 ## - ADDED ENTRY ELEMENTS (KOHA)
Source of classification or shelving scheme Dewey Decimal Classification
Koha item type Books
Suppress in OPAC No
949 ## - LOCAL PROCESSING INFORMATION (OCLC)
a SA-JeALM
d 250802
u mohamedma123
n 1
Holdings
Withdrawn status Lost status Source of classification or shelving scheme Damaged status Not for loan Home library Current library Date acquired Total checkouts Full call number Barcode Date last seen Price effective from Koha item type
    Dewey Decimal Classification     DR AbdElwahab Library DR AbdElwahab Library 08/05/2025   252.5 م ر ع 000017224 08/05/2025 08/05/2025 Books